000 00399nam a2200157Ia 4500
008 151213s9999 xx 000 0 und d
100 _aFive Acts
245 _aPyzmalion A Romance in
_cFive Acts
250 _aBernard Shaw
260 _aLondon
_bPenguing Player
_c1916
300 _a8867 p.
650 _aEnglish Literature
650 _aEnglish Literature
700 _aFive Acts
999 _c4652
_d4652